[Event "Championship Moscow 2015 Seniors rapid"]
[Site "?"]
[Date "2015.11.29"]
[Round "8.3"]
[White "Ageichenko, Genadi A"]
[Black "Shvedchikov, Anatoli I."]
[Result "1/2-1/2"]
[BlackElo "2293"]
[WhiteElo "2219"]
[LiveChessVersion "1.4.6"]

1. e4 {[%clk 0:00:00]} c5 {[%clk 0:00:34]} 2. Nf3 {[%clk 0:00:00]} Nc6
{[%clk 0:00:34]} 3. Bb5 {[%clk 0:00:00]} e6 {[%clk 0:00:34]} 4. Bxc6
{[%clk 0:00:00]} bxc6 {[%clk 0:00:34]} 5. d3 {[%clk 0:00:00]} d5 {[%clk 0:00:34]}
6. Qe2 {[%clk 0:00:00]} c4 {[%clk 0:00:34]} 7. dxc4 {[%clk 0:00:00]} Ba6
{[%clk 0:00:34]} 8. Nbd2 {[%clk 0:00:00]} Nf6 {[%clk 0:00:34]} 9. O-O
{[%clk 0:00:00]} Qa5 {[%clk 0:00:34]} 10. Re1 {[%clk 0:08:56]} Bb4
{[%clk 0:09:47]} 11. c3 {[%clk 0:08:57]} Be7 {[%clk 0:09:49]} 12. Qe3
{[%clk 0:08:30]} dxc4 {[%clk 0:09:44]} 13. e5 {[%clk 0:07:49]} Nd7
{[%clk 0:09:07]} 14. Qf4 {[%clk 0:07:42]} Qd5 {[%clk 0:08:56]} 15. Ne4
{[%clk 0:07:40]} h6 {[%clk 0:06:50]} 16. Qg3 {[%clk 0:07:12]} g5 {[%clk 0:06:49]}
17. Bd2 {[%clk 0:06:12]} O-O-O {[%clk 0:06:13]} 18. Rad1 {[%clk 0:06:03]} Nc5
{[%clk 0:06:08]} 19. Nxc5 {[%clk 0:06:01]} Bxc5 {[%clk 0:06:05]} 20. h3
{[%clk 0:05:16]} Qd3 {[%clk 0:05:55]} 21. Rc1 {[%clk 0:04:38]} Bb7
{[%clk 0:05:37]} 22. Be3 {[%clk 0:04:41]} Bb6 {[%clk 0:05:34]} 23. Red1
{[%clk 0:04:17]} Qe4 {[%clk 0:04:48]} 24. Re1 {[%clk 0:04:00]} Qd3 25. Nd4 c5 26.
Nb5 1/2-1/2

[Event "Championship Moscow 2015 Seniors rapid"]
[Site "?"]
[Date "2015.11.29"]
[Round "8.4"]
[White "Kremenietsky, Anatoly M."]
[Black "Bogumil, Pavel"]
[Result "1/2-1/2"]
[BlackElo "2211"]
[WhiteElo "2262"]
[LiveChessVersion "1.4.6"]

1. c4 {[%clk 0:10:05]} c5 {[%clk 0:09:57]} 2. Nf3 {[%clk 0:10:04]} b6
{[%clk 0:09:55]} 3. g3 {[%clk 0:10:05]} Bb7 {[%clk 0:09:58]} 4. Bg2
{[%clk 0:10:07]} Nf6 {[%clk 0:10:01]} 5. Nc3 {[%clk 0:09:56]} e6 {[%clk 0:10:01]}
6. d4 {[%clk 0:09:55]} cxd4 {[%clk 0:09:48]} 7. Qxd4 {[%clk 0:09:58]} Bc5
{[%clk 0:09:14]} 8. Qf4 {[%clk 0:09:50]} O-O {[%clk 0:08:53]} 9. O-O
{[%clk 0:09:52]} d5 {[%clk 0:07:09]} 10. Rd1 {[%clk 0:09:11]} Qe7
{[%clk 0:06:40]} 11. Qh4 {[%clk 0:07:50]} Nbd7 {[%clk 0:06:09]} 12. cxd5
{[%clk 0:07:08]} exd5 {[%clk 0:02:28]} 13. e3 {[%clk 0:07:05]} Ne5
{[%clk 0:02:22]} 14. Nxe5 {[%clk 0:06:32]} Qxe5 {[%clk 0:02:26]} 15. Qf4
{[%clk 0:06:05]} Qxf4 {[%clk 0:02:25]} 16. gxf4 {[%clk 0:06:08]} Rad8
{[%clk 0:02:28]} 17. Nb5 {[%clk 0:05:47]} a6 {[%clk 0:02:22]} 18. Nd4
{[%clk 0:05:50]} Ne4 {[%clk 0:02:20]} 19. Nb3 {[%clk 0:04:48]} Be7
{[%clk 0:02:14]} 20. Bd2 {[%clk 0:04:35]} Bf6 {[%clk 0:02:13]} 21. Bb4
{[%clk 0:03:43]} Rfe8 {[%clk 0:02:16]} 22. Nd4 {[%clk 0:03:45]} a5
{[%clk 0:02:15]} 23. Be1 {[%clk 0:03:33]} g6 {[%clk 0:02:05]} 24. Rac1
{[%clk 0:03:23]} Rc8 {[%clk 0:02:05]} 25. Rxc8 {[%clk 0:03:09]} Rxc8
{[%clk 0:02:07]} 26. Bxe4 {[%clk 0:03:13]} dxe4 {[%clk 0:02:10]} 27. Bc3
{[%clk 0:03:18]} Ba6 {[%clk 0:01:48]} 28. Kg2 {[%clk 0:03:05]} Bd3
{[%clk 0:01:41]} 29. Kg3 {[%clk 0:03:01]} h5 {[%clk 0:01:42]} 30. f3
{[%clk 0:02:38]} h4+ {[%clk 0:01:32]} 31. Kf2 {[%clk 0:02:36]} a4
{[%clk 0:01:23]} 32. a3 {[%clk 0:02:37]} Bxd4 {[%clk 0:01:08]} 33. exd4
{[%clk 0:02:31]} f5 {[%clk 0:01:09]} 34. fxe4 Bxe4 {[%clk 0:01:12]} 35. d5
{[%clk 0:02:22]} Rd8 {[%clk 0:01:13]} 36. d6 {[%clk 0:02:26]} Rd7
{[%clk 0:01:15]} 37. Be5 {[%clk 0:02:29]} Kf7 {[%clk 0:01:19]} 38. Rc1
{[%clk 0:02:32]} Ke6 {[%clk 0:01:21]} 39. Ke3 {[%clk 0:02:34]} g5
{[%clk 0:01:19]} 40. Rc8 {[%clk 0:02:26]} g4 {[%clk 0:01:17]} 41. Rg8
{[%clk 0:02:26]} Kd5 {[%clk 0:01:15]} 42. Rg6 {[%clk 0:02:09]} b5
{[%clk 0:01:16]} 43. Rg8 {[%clk 0:02:03]} Rh7 {[%clk 0:01:18]} 44. Rg6
{[%clk 0:01:57]} g3 {[%clk 0:01:17]} 45. h3 {[%clk 0:01:53]} g2 {[%clk 0:01:18]}
46. Kf2 {[%clk 0:01:54]} Rb7 {[%clk 0:01:14]} 47. Rg7 {[%clk 0:01:54]} Rxg7
{[%clk 0:01:10]} 48. Bxg7 Kxd6 49. Bf6 {[%clk 0:02:02]} Ke6 {[%clk 0:01:14]} 50.
Bxh4 {[%clk 0:02:06]} 1/2-1/2

[Event "Championship Moscow 2015 Seniors rapid"]
[Site "?"]
[Date "2015.11.29"]
[Round "8.5"]
[White "Lyubimov, Anatoly"]
[Black "Skorodumov, Vladimir"]
[Result "1/2-1/2"]
[BlackElo "2234"]
[WhiteElo "2147"]
[LiveChessVersion "1.4.6"]

1. d4 {[%clk 0:10:09]} Nf6 {[%clk 0:10:08]} 2. g3 {[%clk 0:10:11]} g6
{[%clk 0:10:11]} 3. Bg2 {[%clk 0:10:14]} Bg7 {[%clk 0:10:16]} 4. e4
{[%clk 0:10:17]} d6 {[%clk 0:10:20]} 5. Ne2 {[%clk 0:10:17]} O-O {[%clk 0:10:23]}
6. O-O {[%clk 0:10:19]} c5 {[%clk 0:10:10]} 7. dxc5 {[%clk 0:09:39]} dxc5
{[%clk 0:10:13]} 8. Qxd8 {[%clk 0:09:42]} Rxd8 {[%clk 0:10:17]} 9. Nbc3
{[%clk 0:09:44]} Nc6 {[%clk 0:09:17]} 10. Be3 {[%clk 0:09:01]} Nd4
{[%clk 0:08:32]} 11. Rad1 {[%clk 0:07:00]} e5 {[%clk 0:05:37]} 12. Bg5
{[%clk 0:05:23]} Be6 {[%clk 0:05:38]} 13. Nxd4 {[%clk 0:04:26]} cxd4
{[%clk 0:05:16]} 14. Nd5 {[%clk 0:03:25]} Bxd5 {[%clk 0:05:19]} 15. exd5
{[%clk 0:03:28]} h6 {[%clk 0:05:23]} 16. Bxf6 {[%clk 0:03:15]} Bxf6
{[%clk 0:05:27]} 17. f4 {[%clk 0:01:49]} Rac8 {[%clk 0:05:27]} 18. fxe5
{[%clk 0:01:40]} Bxe5 {[%clk 0:05:31]} 19. Rfe1 {[%clk 0:01:19]} Bf6
{[%clk 0:04:51]} 20. Re2 {[%clk 0:01:22]} Kg7 {[%clk 0:04:47]} 21. h4
{[%clk 0:00:59]} h5 {[%clk 0:04:30]} 22. Rd3 {[%clk 0:00:47]} Rd6
{[%clk 0:04:23]} 23. Kf2 {[%clk 0:00:28]} Rc5 {[%clk 0:03:26]} 24. Ke1
{[%clk 0:00:28]} Rb5 {[%clk 0:03:24]} 25. Rb3 {[%clk 0:00:23]} Rbb6
{[%clk 0:02:37]} 26. Rxb6 Rxb6 {[%clk 0:02:41]} 27. b3 {[%clk 0:00:30]} a5
{[%clk 0:02:25]} 28. a4 {[%clk 0:00:34]} d3 {[%clk 0:02:22]} 29. Re3
{[%clk 0:00:13]} dxc2 {[%clk 0:02:25]} 30. Kd2 g5 {[%clk 0:01:53]} 31. Kxc2
{[%clk 0:00:21]} gxh4 {[%clk 0:01:57]} 32. gxh4 {[%clk 0:00:25]} Bxh4
{[%clk 0:01:56]} 33. Rh3 Be1 {[%clk 0:01:30]} 34. Rd3 {[%clk 0:00:28]} Bb4
{[%clk 0:01:33]} 35. d6 {[%clk 0:00:31]} Rxd6 {[%clk 0:01:29]} 36. Bxb7
{[%clk 0:00:31]} Rf6 {[%clk 0:01:23]} 37. Rh3 {[%clk 0:00:32]} Kh6
{[%clk 0:01:26]} 38. Bf3 {[%clk 0:00:35]} Rf5 {[%clk 0:01:28]} 39. Kd3
{[%clk 0:00:38]} Be7 {[%clk 0:01:27]} 40. Ke4 {[%clk 0:00:41]} Rc5
{[%clk 0:01:31]} 41. Be2 {[%clk 0:00:41]} h4 {[%clk 0:01:33]} 42. Bc4
{[%clk 0:00:45]} f5+ {[%clk 0:01:27]} 43. Kf3 {[%clk 0:00:42]} Kg5
{[%clk 0:01:28]} 44. Rh1 {[%clk 0:00:45]} Bd6 {[%clk 0:01:32]} 45. Rd1
{[%clk 0:00:47]} Bg3 {[%clk 0:01:32]} 46. Rd8 {[%clk 0:00:49]} Re5
{[%clk 0:01:28]} 47. Rg8+ {[%clk 0:00:52]} Kf6 {[%clk 0:01:30]} 48. Rf8+
{[%clk 0:00:54]} Ke7 {[%clk 0:01:33]} 49. Ra8 {[%clk 0:00:56]} f4
{[%clk 0:01:29]} 50. Bb5 {[%clk 0:00:53]} h3 {[%clk 0:01:17]} 51. Bc6
{[%clk 0:00:46]} Kd6 {[%clk 0:01:10]} 52. Be4 {[%clk 0:00:48]} h2
{[%clk 0:01:12]} 53. Ra6+ {[%clk 0:00:50]} Ke7 {[%clk 0:01:14]} 54. Rh6
{[%clk 0:00:53]} Rc5 {[%clk 0:01:14]} 55. Rh7+ {[%clk 0:00:53]} Kf6
{[%clk 0:01:16]} 56. Kg4 Rc1 57. Rh5 {[%clk 0:00:49]} Ke6 {[%clk 0:00:54]} 58.
Bf3 {[%clk 0:00:42]} Kd6 {[%clk 0:00:57]} 59. Be4 {[%clk 0:00:45]} Rc5
{[%clk 0:00:41]} 60. Rh6+ {[%clk 0:00:38]} Ke5 {[%clk 0:00:46]} 61. Bf3
{[%clk 0:00:37]} Kd4 {[%clk 0:00:50]} 62. Rb6 {[%clk 0:00:39]} Kc3
{[%clk 0:00:38]} 63. Rb5 {[%clk 0:00:37]} Rc7 {[%clk 0:00:31]} 64. Rxa5
{[%clk 0:00:37]} Kxb3 {[%clk 0:00:34]} 65. Ra8 {[%clk 0:00:39]} Rc1
{[%clk 0:00:32]} 66. Rh8 {[%clk 0:00:38]} Kxa4 {[%clk 0:00:36]} 67. Rh5
{[%clk 0:00:40]} Kb4 {[%clk 0:00:38]} 68. Rh8 {[%clk 0:00:43]} Rg1
{[%clk 0:00:39]} 69. Kf5 {[%clk 0:00:41]} Kc3 {[%clk 0:00:38]} 70. Ke4
{[%clk 0:00:41]} Re1+ {[%clk 0:00:41]} 71. Kf5 {[%clk 0:00:45]} Kd4
{[%clk 0:00:43]} 72. Kg4 {[%clk 0:00:44]} Ke3 {[%clk 0:00:43]} 73. Re8+
{[%clk 0:00:45]} Kf2 {[%clk 0:00:47]} 74. Rxe1 {[%clk 0:00:44]} Kxe1
{[%clk 0:00:51]} 75. Bg2 {[%clk 0:00:41]} Kf2 {[%clk 0:00:51]} 76. Kh3
{[%clk 0:00:37]} f3 {[%clk 0:00:48]} 77. Bh1 {[%clk 0:00:40]} Ke2
{[%clk 0:00:33]} 78. Bxf3+ {[%clk 0:00:44]} Kxf3 {[%clk 0:00:37]} 1/2-1/2

[Event "Championship Moscow 2015 Seniors rapid"]
[Site "?"]
[Date "2015.11.29"]
[Round "8.6"]
[White "Hait, Alexander"]
[Black "Kolbanov, Veniamin M."]
[Result "1-0"]
[BlackElo "2124"]
[WhiteElo "2218"]
[LiveChessVersion "1.4.6"]

1. e4 {[%clk 0:10:09]} c5 {[%clk 0:10:09]} 2. Nf3 {[%clk 0:10:11]} e6
{[%clk 0:10:13]} 3. d3 {[%clk 0:10:14]} Nc6 {[%clk 0:10:08]} 4. g3
{[%clk 0:10:18]} d5 {[%clk 0:09:18]} 5. Nbd2 {[%clk 0:10:06]} Nf6
{[%clk 0:09:16]} 6. Bg2 {[%clk 0:10:10]} Be7 {[%clk 0:08:53]} 7. O-O
{[%clk 0:10:13]} Qc7 {[%clk 0:08:57]} 8. Re1 {[%clk 0:10:04]} O-O
{[%clk 0:08:54]} 9. e5 {[%clk 0:09:57]} Nd7 {[%clk 0:08:47]} 10. Qe2
{[%clk 0:10:01]} a5 {[%clk 0:07:40]} 11. a4 {[%clk 0:09:37]} b6 {[%clk 0:07:39]}
12. Nf1 {[%clk 0:09:27]} Nd4 {[%clk 0:07:30]} 13. Nxd4 {[%clk 0:09:10]} cxd4
{[%clk 0:07:33]} 14. Bf4 {[%clk 0:08:48]} Ba6 {[%clk 0:07:17]} 15. h4
{[%clk 0:08:29]} Rfc8 {[%clk 0:06:49]} 16. Rac1 {[%clk 0:08:24]} Nc5
{[%clk 0:06:53]} 17. b3 {[%clk 0:08:19]} b5 {[%clk 0:06:56]} 18. axb5
{[%clk 0:08:22]} Bxb5 {[%clk 0:07:00]} 19. Nh2 {[%clk 0:08:17]} a4
{[%clk 0:06:38]} 20. Nf3 {[%clk 0:07:31]} axb3 {[%clk 0:02:24]} 21. Nxd4
{[%clk 0:07:34]} Qb6 {[%clk 0:01:12]} 22. Nxb5 {[%clk 0:06:53]} Qxb5
{[%clk 0:01:07]} 23. c4 {[%clk 0:06:54]} Qd7 {[%clk 0:00:23]} 24. cxd5
{[%clk 0:05:58]} exd5 {[%clk 0:00:24]} 25. Rb1 {[%clk 0:05:20]} Ra2
{[%clk 0:00:24]} 26. Qd1 {[%clk 0:05:24]} Rb8 {[%clk 0:00:15]} 27. d4
{[%clk 0:05:21]} Ne6 {[%clk 0:00:13]} 28. Rxb3 {[%clk 0:05:19]} Rba8
{[%clk 0:00:12]} 29. Be3 {[%clk 0:05:16]} Qc6 {[%clk 0:00:08]} 30. Qf3
{[%clk 0:05:09]} R2a5 {[%clk 0:00:06]} 31. Reb1 {[%clk 0:05:07]} Qc4
{[%clk 0:00:00]} 1-0

[Event "Championship Moscow 2015 Seniors rapid"]
[Site "?"]
[Date "2015.11.29"]
[Round "8.7"]
[White "Tchernyi, Viktor"]
[Black "Dragomarezkij, Evgeni"]
[Result "0-1"]
[BlackElo "2431"]
[WhiteElo "2249"]
[LiveChessVersion "1.4.6"]

1. e4 {[%clk 0:09:59]} c5 {[%clk 0:10:14]} 2. Nf3 {[%clk 0:10:00]} e6
{[%clk 0:10:15]} 3. d4 {[%clk 0:09:52]} cxd4 {[%clk 0:10:19]} 4. Nxd4
{[%clk 0:09:56]} a6 {[%clk 0:10:23]} 5. Nc3 {[%clk 0:09:46]} Qc7 {[%clk 0:10:27]}
6. Qf3 {[%clk 0:09:23]} Nc6 {[%clk 0:10:21]} 7. Nxc6 {[%clk 0:09:18]} bxc6
{[%clk 0:10:14]} 8. Bd3 {[%clk 0:08:30]} Nf6 {[%clk 0:10:14]} 9. O-O
{[%clk 0:08:02]} Be7 {[%clk 0:09:38]} 10. Bd2 {[%clk 0:06:49]} O-O
{[%clk 0:09:35]} 11. b3 {[%clk 0:06:31]} d5 {[%clk 0:08:07]} 12. e5
{[%clk 0:05:41]} Qxe5 {[%clk 0:07:59]} 13. Bf4 {[%clk 0:02:55]} Qh5
{[%clk 0:07:04]} 14. Qg3 {[%clk 0:02:14]} Qg4 {[%clk 0:05:37]} 15. Qe3
{[%clk 0:01:34]} Nd7 {[%clk 0:05:03]} 16. h3 {[%clk 0:01:08]} Qh4
{[%clk 0:05:02]} 17. Kh2 {[%clk 0:00:45]} Qf6 {[%clk 0:04:14]} 18. Na4
{[%clk 0:00:21]} e5 {[%clk 0:04:07]} 19. Bg3 {[%clk 0:00:23]} e4 {[%clk 0:03:40]}
20. Be2 {[%clk 0:00:20]} Bd6 {[%clk 0:03:39]} 21. f4 {[%clk 0:00:09]} Re8
{[%clk 0:03:10]} 22. Rad1 {[%clk 0:00:14]} Bb7 {[%clk 0:02:58]} 23. c4
{[%clk 0:00:18]} Qe7 {[%clk 0:02:56]} 24. Rd2 {[%clk 0:00:18]} Nc5
{[%clk 0:02:47]} 25. Nb6 {[%clk 0:00:19]} Rad8 {[%clk 0:01:22]} 26. cxd5
{[%clk 0:00:23]} Bc7 {[%clk 0:01:08]} 27. dxc6 {[%clk 0:00:22]} Rxd2
{[%clk 0:01:06]} 28. Qxd2 {[%clk 0:00:25]} Bxc6 {[%clk 0:01:04]} 29. Nc4
{[%clk 0:00:23]} e3 {[%clk 0:01:05]} 30. Qc3 {[%clk 0:00:18]} Ne4
{[%clk 0:01:06]} 31. Qd4 {[%clk 0:00:17]} Nxg3 {[%clk 0:01:01]} 32. Kxg3
{[%clk 0:00:22]} Qg5+ {[%clk 0:00:57]} 33. Bg4 e2 34. Re1 0-1

[Event "Championship Moscow 2015 Seniors rapid"]
[Site "?"]
[Date "2015.11.29"]
[Round "8.8"]
[White "Kuindzhy, Alexander"]
[Black "Hramtsov, Alexander"]
[Result "1-0"]
[BlackElo "2189"]
[WhiteElo "2317"]
[LiveChessVersion "1.4.6"]

1. e4 {[%clk 0:10:10]} d5 {[%clk 0:10:07]} 2. exd5 {[%clk 0:10:10]} Qxd5
{[%clk 0:10:10]} 3. Nf3 {[%clk 0:10:14]} Bg4 {[%clk 0:10:13]} 4. Be2
{[%clk 0:10:13]} e6 {[%clk 0:10:14]} 5. O-O {[%clk 0:10:00]} c6 {[%clk 0:10:09]}
6. d4 {[%clk 0:10:04]} Nf6 {[%clk 0:10:04]} 7. h3 {[%clk 0:10:05]} Bh5
{[%clk 0:09:56]} 8. c4 {[%clk 0:10:09]} Qd8 {[%clk 0:09:46]} 9. Bf4
{[%clk 0:10:09]} Be7 {[%clk 0:09:42]} 10. Nc3 {[%clk 0:10:09]} O-O
{[%clk 0:09:44]} 11. Qd2 Nbd7 {[%clk 0:09:46]} 12. Rad1 {[%clk 0:09:32]} Nb6
{[%clk 0:09:48]} 13. b3 {[%clk 0:09:32]} a5 {[%clk 0:09:49]} 14. Ne5
{[%clk 0:09:36]} Bxe2 {[%clk 0:09:26]} 15. Qxe2 {[%clk 0:09:36]} a4
{[%clk 0:09:29]} 16. Rd3 {[%clk 0:09:25]} axb3 {[%clk 0:09:17]} 17. axb3
{[%clk 0:08:05]} Ra3 {[%clk 0:09:20]} 18. Ne4 {[%clk 0:07:50]} Nbd7 19. Rfd1 Nxe4
20. Qxe4 Nf6 21. Qf3 Qa5 22. g4 g6 23. Bh6 1-0

[Event "Championship Moscow 2015 Seniors rapid"]
[Site "?"]
[Date "2015.11.29"]
[Round "8.9"]
[White "Tsarev, Valery"]
[Black "Chernov, Yury"]
[Result "1-0"]
[BlackElo "2165"]
[WhiteElo "2270"]
[LiveChessVersion "1.4.6"]

1. e4 e5 {[%clk 0:09:48]} 2. Nf3 {[%clk 0:10:11]} Nc6 {[%clk 0:09:48]} 3. Bb5
{[%clk 0:10:11]} f5 {[%clk 0:09:47]} 4. d3 fxe4 {[%clk 0:09:51]} 5. dxe4
{[%clk 0:10:13]} Nf6 {[%clk 0:09:50]} 6. Qd3 {[%clk 0:10:17]} d6 {[%clk 0:09:52]}
7. Nc3 {[%clk 0:10:17]} Be7 {[%clk 0:09:48]} 8. Qc4 {[%clk 0:10:01]} Qd7
{[%clk 0:09:13]} 9. Bg5 {[%clk 0:09:57]} a6 {[%clk 0:09:16]} 10. Bxc6
{[%clk 0:09:40]} Qxc6 {[%clk 0:08:40]} 11. Nd2 {[%clk 0:09:08]} Qxc4
{[%clk 0:08:43]} 12. Nxc4 {[%clk 0:08:53]} Be6 {[%clk 0:08:45]} 13. Ne3
{[%clk 0:08:49]} O-O {[%clk 0:08:47]} 14. f3 {[%clk 0:08:41]} Rae8
{[%clk 0:08:18]} 15. O-O-O {[%clk 0:07:56]} Nh5 16. Bxe7 {[%clk 0:08:16]} Rxe7
{[%clk 0:07:59]} 17. Ncd5 {[%clk 0:08:07]} Ref7 {[%clk 0:07:53]} 18. c4
{[%clk 0:08:10]} Nf4 {[%clk 0:07:23]} 19. Rd2 {[%clk 0:08:05]} b6
{[%clk 0:06:16]} 20. b3 {[%clk 0:08:01]} Bc8 {[%clk 0:06:13]} 21. Nxf4
{[%clk 0:07:56]} Rxf4 {[%clk 0:06:14]} 22. b4 {[%clk 0:07:56]} Be6
{[%clk 0:04:57]} 23. Rc2 {[%clk 0:07:49]} g5 {[%clk 0:04:05]} 24. h3
{[%clk 0:07:49]} h5 {[%clk 0:04:08]} 25. c5 {[%clk 0:07:48]} dxc5
{[%clk 0:04:03]} 26. bxc5 {[%clk 0:07:51]} b5 {[%clk 0:04:06]} 27. c6
{[%clk 0:07:48]} g4 {[%clk 0:03:57]} 28. hxg4 {[%clk 0:07:52]} hxg4
{[%clk 0:04:00]} 29. Rh6 {[%clk 0:07:45]} R4f6 {[%clk 0:03:47]} 30. Rxf6
{[%clk 0:06:55]} Rxf6 {[%clk 0:03:50]} 31. fxg4 {[%clk 0:06:32]} Rf4
{[%clk 0:03:52]} 32. Nd5 {[%clk 0:06:36]} Rf7 {[%clk 0:03:21]} 33. g5
{[%clk 0:06:35]} Kg7 {[%clk 0:03:19]} 34. Rc5 {[%clk 0:05:54]} Kg6
{[%clk 0:03:08]} 35. Nb4 {[%clk 0:05:52]} Kxg5 {[%clk 0:02:36]} 36. Rxe5+
{[%clk 0:05:55]} Kf6 {[%clk 0:02:38]} 37. Rc5 {[%clk 0:05:46]} Ke7
{[%clk 0:02:21]} 38. Nxa6 {[%clk 0:05:42]} Kd6 {[%clk 0:02:18]} 39. e5+
{[%clk 0:05:43]} Ke7 {[%clk 0:02:13]} 40. Nxc7 {[%clk 0:05:47]} Bc4
{[%clk 0:01:53]} 41. Nxb5 {[%clk 0:05:23]} 1-0

[Event "Championship Moscow 2015 Seniors rapid"]
[Site "?"]
[Date "2015.11.29"]
[Round "8.10"]
[White "Archangelsky, Mikhail"]
[Black "Zilbert, Oleg"]
[Result "0-1"]
[BlackElo "2357"]
[WhiteElo "2080"]
[LiveChessVersion "1.4.6"]

1. d4 {[%clk 0:10:07]} g6 {[%clk 0:10:09]} 2. e4 {[%clk 0:10:08]} Bg7
{[%clk 0:10:13]} 3. Nf3 {[%clk 0:10:07]} d6 {[%clk 0:10:12]} 4. Bc4
{[%clk 0:10:08]} Nf6 {[%clk 0:10:02]} 5. Qe2 {[%clk 0:10:07]} c6 {[%clk 0:09:43]}
6. Bb3 {[%clk 0:10:05]} O-O {[%clk 0:09:31]} 7. O-O {[%clk 0:10:08]} Bg4
{[%clk 0:09:15]} 8. Nbd2 {[%clk 0:10:07]} a5 {[%clk 0:09:01]} 9. a4
{[%clk 0:09:58]} d5 {[%clk 0:08:38]} 10. e5 {[%clk 0:09:58]} Ne8 {[%clk 0:08:31]}
11. h3 {[%clk 0:09:55]} Bd7 {[%clk 0:08:21]} 12. c3 {[%clk 0:09:41]} Nc7
{[%clk 0:08:15]} 13. Re1 {[%clk 0:09:35]} Qc8 {[%clk 0:08:11]} 14. Nf1
{[%clk 0:09:35]} b5 {[%clk 0:07:38]} 15. Bg5 {[%clk 0:09:23]} Re8
{[%clk 0:07:26]} 16. Ng3 {[%clk 0:08:33]} Be6 {[%clk 0:07:29]} 17. Bc2
{[%clk 0:08:24]} Nd7 {[%clk 0:07:28]} 18. Qe3 {[%clk 0:08:00]} Nb6
{[%clk 0:07:30]} 19. axb5 {[%clk 0:07:09]} cxb5 {[%clk 0:07:28]} 20. b3
{[%clk 0:07:03]} a4 {[%clk 0:07:31]} 21. Nd2 Qd7 {[%clk 0:07:08]} 22. Reb1
{[%clk 0:06:36]} Qc6 {[%clk 0:06:54]} 23. bxa4 {[%clk 0:05:50]} Nxa4
{[%clk 0:06:47]} 24. Bxa4 {[%clk 0:05:49]} Rxa4 {[%clk 0:06:45]} 25. Nb3
{[%clk 0:04:59]} f6 {[%clk 0:06:37]} 26. Bh6 Rxa1 {[%clk 0:05:56]} 27. Nxa1
{[%clk 0:03:29]} Bxh6 {[%clk 0:05:48]} 28. Qxh6 {[%clk 0:03:32]} fxe5
{[%clk 0:05:51]} 29. dxe5 {[%clk 0:03:23]} Qxc3 {[%clk 0:05:50]} 30. Qg5
{[%clk 0:01:36]} Qd4 {[%clk 0:04:28]} 31. Rc1 {[%clk 0:01:10]} Qb6
{[%clk 0:04:31]} 32. Nb3 {[%clk 0:01:06]} Na6 {[%clk 0:04:33]} 33. Re1
{[%clk 0:00:30]} Nb4 {[%clk 0:04:24]} 34. Re3 {[%clk 0:00:28]} d4
{[%clk 0:04:22]} 35. Rf3 {[%clk 0:00:21]} Bd5 {[%clk 0:04:21]} 36. Rf4
{[%clk 0:00:15]} Bxb3 {[%clk 0:04:20]} 37. Nh5 {[%clk 0:00:12]} Nd5
{[%clk 0:03:43]} 38. Qh6 {[%clk 0:00:11]} gxh5 {[%clk 0:03:43]} 39. Qg5+
{[%clk 0:00:10]} Qg6 {[%clk 0:03:46]} 0-1

[Event "Championship Moscow 2015 Seniors rapid"]
[Site "?"]
[Date "2015.11.29"]
[Round "8.11"]
[White "Kachar, Vladimir"]
[Black "Korolev, Evgeniy"]
[Result "1-0"]
[BlackElo "2057"]
[WhiteElo "2237"]
[LiveChessVersion "1.4.6"]

1. c4 {[%clk 0:10:08]} e5 {[%clk 0:10:01]} 2. Nc3 {[%clk 0:10:11]} d6
{[%clk 0:10:03]} 3. g3 {[%clk 0:10:11]} g6 {[%clk 0:10:02]} 4. Bg2
{[%clk 0:10:12]} Bg7 {[%clk 0:10:06]} 5. Nf3 {[%clk 0:10:15]} c5 {[%clk 0:10:05]}
6. d3 {[%clk 0:09:58]} Nc6 {[%clk 0:10:09]} 7. Rb1 {[%clk 0:09:46]} Nge7
{[%clk 0:10:04]} 8. h4 {[%clk 0:09:46]} h6 {[%clk 0:09:34]} 9. a3
{[%clk 0:09:41]} a5 {[%clk 0:09:37]} 10. Nd2 {[%clk 0:09:26]} Be6
{[%clk 0:09:26]} 11. Nd5 {[%clk 0:09:27]} Rb8 {[%clk 0:08:56]} 12. e3
{[%clk 0:08:54]} b5 {[%clk 0:08:45]} 13. cxb5 {[%clk 0:07:42]} Bxd5
{[%clk 0:07:54]} 14. Bxd5 {[%clk 0:07:43]} Nxd5 {[%clk 0:07:58]} 15. bxc6
{[%clk 0:07:46]} Qc7 {[%clk 0:07:53]} 16. Qa4 {[%clk 0:07:11]} O-O
{[%clk 0:07:17]} 17. h5 {[%clk 0:05:49]} Nc3 {[%clk 0:07:03]} 18. bxc3
{[%clk 0:05:50]} Rxb1 {[%clk 0:06:02]} 19. Nxb1 {[%clk 0:05:53]} g5
{[%clk 0:06:06]} 20. Nd2 {[%clk 0:05:46]} Ra8 {[%clk 0:05:29]} 21. e4
{[%clk 0:05:03]} Bf6 {[%clk 0:04:57]} 22. Nc4 {[%clk 0:05:04]} Bd8
{[%clk 0:04:50]} 23. Ne3 {[%clk 0:05:02]} Ra6 {[%clk 0:04:41]} 24. Nd5
{[%clk 0:04:56]} Qxc6 {[%clk 0:04:40]} 25. Qxc6 Rxc6 {[%clk 0:04:44]} 26. Ke2
{[%clk 0:04:58]} Rc8 {[%clk 0:04:47]} 27. Kd2 {[%clk 0:04:54]} Rb8 28. Kc2 f6
{[%clk 0:04:18]} 29. Bd2 {[%clk 0:04:57]} Kf7 {[%clk 0:04:11]} 30. a4
{[%clk 0:04:59]} Ke6 {[%clk 0:04:12]} 31. Ne3 {[%clk 0:04:39]} Be7
{[%clk 0:03:54]} 32. Rb1 {[%clk 0:04:32]} Rxb1 {[%clk 0:03:53]} 33. Kxb1
{[%clk 0:04:36]} 1-0

[Event "Championship Moscow 2015 Seniors rapid"]
[Site "?"]
[Date "2015.11.29"]
[Round "8.12"]
[White "Neiman, Mikhail"]
[Black "Andreev, Viktor B."]
[Result "0-1"]
[BlackElo "2184"]
[WhiteElo "2062"]
[LiveChessVersion "1.4.6"]

1. d4 {[%clk 0:10:08]} Nf6 {[%clk 0:10:09]} 2. c4 {[%clk 0:10:12]} g6
{[%clk 0:10:13]} 3. Nc3 {[%clk 0:10:15]} Bg7 {[%clk 0:10:17]} 4. e4
{[%clk 0:10:16]} d6 {[%clk 0:10:21]} 5. g3 {[%clk 0:10:15]} O-O {[%clk 0:10:22]}
6. Bg2 {[%clk 0:10:18]} Nbd7 {[%clk 0:10:19]} 7. Nge2 {[%clk 0:10:05]} e5
{[%clk 0:10:20]} 8. O-O {[%clk 0:10:02]} Re8 {[%clk 0:10:19]} 9. Be3 h6
{[%clk 0:10:08]} 10. h3 {[%clk 0:09:26]} Kh7 {[%clk 0:10:09]} 11. Qc2
{[%clk 0:09:23]} a5 {[%clk 0:10:05]} 12. f4 {[%clk 0:09:02]} exd4
{[%clk 0:09:58]} 13. Nxd4 {[%clk 0:08:58]} Nc5 {[%clk 0:09:50]} 14. Rae1
{[%clk 0:08:48]} Bd7 {[%clk 0:09:45]} 15. b3 {[%clk 0:08:21]} Nh5
{[%clk 0:09:14]} 16. Kh2 {[%clk 0:08:13]} Ne6 {[%clk 0:09:02]} 17. Nxe6
{[%clk 0:08:12]} Bxe6 {[%clk 0:09:01]} 18. g4 {[%clk 0:08:04]} Nf6
{[%clk 0:09:03]} 19. f5 {[%clk 0:07:23]} Bd7 {[%clk 0:08:59]} 20. Bd4
{[%clk 0:07:20]} Nxg4+ {[%clk 0:08:44]} 21. hxg4 {[%clk 0:07:19]} Bxd4
{[%clk 0:08:43]} 22. fxg6+ {[%clk 0:07:21]} fxg6 {[%clk 0:08:44]} 23. Nd5
{[%clk 0:06:20]} Qh4+ {[%clk 0:08:28]} 24. Bh3 {[%clk 0:06:22]} Be5+
{[%clk 0:08:20]} 25. Kg1 {[%clk 0:06:21]} Qxh3 {[%clk 0:08:11]} 26. Rf7+
{[%clk 0:06:14]} Kg8 {[%clk 0:08:13]} 27. Qf2 {[%clk 0:06:15]} Qxg4+
{[%clk 0:07:24]} 28. Kf1 {[%clk 0:06:18]} Be6 {[%clk 0:06:39]} 29. Ne7+
{[%clk 0:06:10]} Rxe7 {[%clk 0:06:40]} 30. Rxe7 {[%clk 0:06:13]} Rf8
{[%clk 0:06:43]} 0-1